000
00200 a2200097 4500
001
8216
090
_c
6601
_d
6601
100
_a
Pei, M
245
_a
The Story of Language (W/O vide Boo 1987)
260
_b
Hogarth
942
_a
NUST-CAE
999
_c
243289
_d
243289